Карикатури (Запис номер 209002)
[ съкратено ]
| 000 -Лидер | |
|---|---|
| Контролно поле с фиксирана дължина | 01514nkm a2200349 c 4500 |
| 003 - Код на организацията, давaща контролен номер | |
| Контролно поле | BLK |
| 005 - Дата и час на последна редакция | |
| Контролно поле | 20200917084857.0 |
| 008 - Елементи от данни с фиксирана дължина | |
| fixed length control field | 180412b bul rap|r|||| r0| ||bulo| |
| 010 ## - Наследен системен номер | |
| LC control number | KNG00080754000 |
| 040 ## - Източник на каталожния запис | |
| Идентификатор на билиотеката - собственик на записа | BLK |
| 041 ## - Код за език | |
| Код за езика на текст/звукозапис или на отделно заглавие | Български |
| Код за езика КДБФ | Български |
| 080 ## - УДК | |
| Текстов определител УДК | Карикатура. Комикс |
| УДК код - определител по УДК | 741.5 |
| УДК определител | .071.1(497.2)(084) |
| УДК - код + определител | 741.5.071.1(497.2)(084) |
| 080 ## - УДК | |
| Текстов определител УДК | Български художник |
| УДК код - определител по УДК | 929 Жейнов, Жейно Пенчев |
| УДК - код + определител | 929 Жейнов, Жейно Пенчев |
| 100 1# - Редна дума - Автор | |
| Автор | Жейнов, Жейно Пенчев |
| Авторска отговорност | първи автор |
| R(LIN) | 351669 |
| 139 ## - Редно поле | |
| Редна дума | Жейнов, Жейно Пенчев |
| Авторски знак | Жед - Ж 30 |
| 245 10 - Сведения за заглавието | |
| Заглавие | Карикатури |
| Редно поле (дума) | Жейно Пенчев Жейнов. |
| 257 ## - Страна на издаване | |
| Страна на създаване/издаване | България |
| 260 ## - Област на издателските данни | |
| Име на издателя, разпространителя и проч. | Изд. авт. |
| Година на издаване | 2007 |
| Печатница | София : Илинден |
| 300 ## - Физическа характеристика | |
| Страници | 168 с. |
| Илюстрации и др. | с ил. |
| Размери/Мащаб | 19Х20 см |
| 380 ## - Жанр | |
| Жанр | Изкуство |
| 500 ## - Общи забележки | |
| Забележка | Съдържа и Другите за автора / К. Драгостинов, П. Динчев, П. Дафинкчиев ; Визитка на автора ; Безспорен творец / Ст. Минчев. |
| 600 14 - Име на лице, използвано като предмет | |
| За него / За нея | Жейнов, Жейно Пенчев |
| 9 (RLIN) | 387018 |
| 650 #4 - Допълнително описание по предмет – тема | |
| Основно описание – тема или топоним | Карикатуристи, български |
| 9 (RLIN) | 293582 |
| 650 #4 - Допълнително описание по предмет – тема | |
| Основно описание – тема или топоним | Карикатура, българска |
| 9 (RLIN) | 242411 |
| 653 ## - Ключова дума – ненормативна | |
| Ключова дума | карикатура |
| 653 ## - Ключова дума – ненормативна | |
| Ключова дума | карикатуристи |
| 852 ## - Местоположение | |
| Форматна сигнатура | Цб 302213 |
| 856 4# - Електронен адрес и достъп | |
| Електронен формат | pdf - файл |
| Път до файла /url/ | |
| 856 4# - Електронен адрес и достъп | |
| Електронен формат | pdf - файл |
| Път до файла /url/ | |
| 999 ## - СИСТЕМНИ КОНТРОЛНИ НОМЕРА | |
| Koha biblionumber | 209002 |
| Koha biblioitemnumber | 209002 |
| 942 ## - АРТИКУЛИ | |
| Вид на библиотечния материал | Графични издания |
| Скрит в OPAC | Не |
| Периодичен библиозапис | Да |
| 944 ## - СЪЗДАВАНЕ И РЕДАКЦИЯ на ЗАПИСА | |
| Създаване/Редакция | Създаване |
| Дата на регистрацията/редакция | 23.01.2008 |
| Служител, извършил регистрацията/редакцията | Геновева_Генчева |
| 944 ## - СЪЗДАВАНЕ И РЕДАКЦИЯ на ЗАПИСА | |
| Създаване/Редакция | Редакция |
| Дата на регистрацията/редакция | 01.02.2008 |
| 999 ## - СИСТЕМНИ КОНТРОЛНИ НОМЕРА | |
| Koha biblioitemnumber | 209002 |
| Код за отписване | Код за изгубен артикул | Източник на класификационната схема | Код за повреда | Коз за рестрикции | Код за отдаване | Артикулен № | Име на библиотеката - собственик | Име на библиотеката, в която се намира в момента | Статус (Текущо местоположение) | Дата на вписване в системата | Местоположение - отдел | Цена в лева | Инвентарен номер | Систематично азбучна сигнатура | Баркод | Номер на екземпляра | Цена в евро | Служебна бележка | Служебен тип на артикула |
|---|---|---|---|---|---|---|---|---|---|---|---|---|---|---|---|---|---|---|---|
| Не е изгубен | Universal Decimal Classification | Не е повреден | без рестрикции | ползва се в читалня | 360175 | Регионална библиотека "Любен Каравелов" Русе | Регионална библиотека "Любен Каравелов" Русе | Хранилище | 2008-01-23 | Хранилище | 0.00 | 120000722489 | Цб 302213 | 120000722489 | 1 | 0.00 | Дост: Dp Вид: Д N: 41 Дата: 20.09.2007 | Графични издания |